Municipalities of Iceland Quiz - Statistics

General Stats
  • This quiz has been taken 1,980 times
  • The average score is 18 of 64
Answers on the Map
Answers color-coded by a green-red scale on the quiz's map according to % correct below.
 
Answer Stats
Municipality % Correct
Reykjavík
89%
Akureyri
55%
Kópavogur
54%
Hafnarfjörður
51%
Grindavíkurbær
49%
Reykjanesbær
48%
Garðabær
47%
Mosfellsbær
46%
Vogar
41%
Akranes
39%
Ölfus
35%
Seltjarnarnes
35%
Árborg
31%
Bolungarvík
31%
Eyja- og Miklaholtshreppur
31%
Suðurnesjabær
31%
Vesturbyggð
30%
Hveragerði
29%
Ísafjarðarbær
29%
Múlaþing
29%
Stykkishólmsbær og Helgafellssveit
29%
Vestmannaeyjar
29%
Borgarbyggð
27%
Fjarðabyggð
27%
Kjósarhreppur
27%
Flóahreppur
26%
Hornafjörður
26%
Rangárþing eystra
26%
Snæfellsbær
26%
Árneshreppur
25%
Ásahreppur
25%
Bláskógabyggð
25%
Dalabyggð
25%
Grímsnes- og Grafningshreppur
25%
Rangárþing ytra
25%
Skagaströnd
25%
Hrunamannahreppur
24%
Hvalfjarðarsveit
24%
Reykhólahreppur
24%
Sveitarfélagið Skagafjörður og Akrahreppur
24%
Langanesbyggð og Svalbarðshreppur
23%
Mýrdalshreppur
23%
Norðurþing
23%
Skeiða- og Gnúpverjahreppur
23%
Fjallabyggð
22%
Húnaþing vestra
22%
Skaftárhreppur
22%
Strandabyggð
22%
Fljótsdalshreppur
21%
Grundarfjarðarbær
21%
Kaldrananeshreppur
21%
Skagabyggð
21%
Skorradalshreppur
21%
Svalbarðsstrandarhreppur
21%
Tálknafjarðarhreppur
21%
Vopnafjarðarhreppur
21%
Eyjafjarðarsveit
20%
Húnabyggð
20%
Þingeyjarsveit
20%
Súðavíkurhreppur
19%
Tjörneshreppur
19%
Dalvíkurbyggð
18%
Grýtubakkahreppur
18%
Hörgársveit
17%
No matching quizzes found
Score Distribution
Percent of People with Each Score
Percentile by Number Answered
Your Score History
You have not taken this quiz